[Event "Fagernes Autumn op"]
[Site "Fagernes"]
[Date "2023.10.14"]
[Round "8"]
[White "Myagmarsuren, Evsuld"]
[Black "Gudbrandsen, Gustav"]
[Result "1-0"]
[WhiteElo "2107"]
[BlackElo "2275"]
[PlyCount "51"]
[EventDate "2023.10.08"]
[EventType "swiss"]
[EventRounds "9"]
[EventCountry "NOR"]
[SourceTitle "Mega2024 Update 01"]
[Source "Chessbase"]
[SourceDate "2023.11.12"]
[SourceVersion "1"]
[SourceVersionDate "2023.11.12"]
[SourceQuality "1"]

1. e4 g6 2. d4 Bg7 3. Nc3 d6 4. f4 c5 5. dxc5 dxc5 6. Qxd8+ Kxd8 7. Be3 Bxc3+ 8. bxc3 b6 9. 0-0-0+ Ke8 10. Nf3 Bb7 11. Bc4 Nf6 12. Ne5 e6 13. f5 Nxe4 14. fxe6 fxe6 15. Bb5+ Ke7 16. Rhf1 Rf8 17. Rxf8 Kxf8 18. Rf1+ Kg8 19. Bh6 Na6 20. Rf7 Nd6 21. Rg7+ Kh8 22. Bd3 Rc8 23. Bxg6 Bc6 24. Rxh7+ Kg8 25. Ng4 Ne8 26. Rf7 1-0

[Event "Fagernes Autumn op"]
[Site "Fagernes"]
[Date "2023.10.10"]
[Round "3"]
[White "Gudbrandsen, Gustav"]
[Black "Sokolovsky, Yahli"]
[Result "1/2-1/2"]
[WhiteElo "2275"]
[BlackElo "2447"]
[PlyCount "102"]
[EventDate "2023.10.08"]
[EventType "swiss"]
[EventRounds "9"]
[EventCountry "NOR"]
[SourceTitle "Mega2024 Update 01"]
[Source "Chessbase"]
[SourceDate "2023.11.12"]
[SourceVersion "1"]
[SourceVersionDate "2023.11.12"]
[SourceQuality "1"]

1. e4 c5 2. Nf3 d6 3. Bb5+ Bd7 4. Bxd7+ Nxd7 5. 0-0 Ngf6 6. Qe2 e6 7. c4 Ne5 8. Nc3 Be7 9. Rd1 Rc8 10. b3 Qb6 11. d3 0-0 12. Nxe5 dxe5 13. f4 Qa5 14. fxe5 Nd7 15. Bb2 Nxe5 16. Nd5 Ng6 17. Nxe7+ Nxe7 18. Qg4 Ng6 19. h4 Qc7 20. Rf1 h5 21. Qg5 Qd8 22. Qxh5 Qxh4 23. Qxh4 Nxh4 24. Rad1 Rfd8 25. d4 cxd4 26. Rxd4 Rxd4 27. Bxd4 Ng6 28. a4 a6 29. Bb6 Kf8 30. Rd1 Ke8 31. Ba5 Ne5 32. Bc3 Nd7 33. Bxg7 Nc5 34. b4 Nxe4 35. Rd4 Ng3 36. Rg4 Nf5 37. Bf6 Ne3 38. Rg8+ Kd7 39. Rg7 Rxc4 40. Rxf7+ Kc8 41. Rf8+ Kd7 42. Rf7+ Kc6 43. b5+ Kd5 44. Bg5 Ng4 45. Rxb7 Rxa4 46. g3 a5 47. Rg7 Ke4 48. b6 Ra1+ 49. Kg2 Ra2+ 50. Kh3 Kf5 51. Rf7+ Kxg5 1/2-1/2

[Event "Fagernes Autumn op"]
[Site "Fagernes"]
[Date "2023.10.08"]
[Round "1"]
[White "Hort, Max"]
[Black "Gudbrandsen, Gustav"]
[Result "0-1"]
[WhiteElo "1952"]
[BlackElo "2275"]
[PlyCount "76"]
[EventDate "2023.10.08"]
[EventType "swiss"]
[EventRounds "9"]
[EventCountry "NOR"]
[SourceTitle "Mega2024 Update 01"]
[Source "Chessbase"]
[SourceDate "2023.11.12"]
[SourceVersion "1"]
[SourceVersionDate "2023.11.12"]
[SourceQuality "1"]

1. e4 e6 2. Nf3 d5 3. Nc3 Nf6 4. e5 Nfd7 5. d4 c5 6. dxc5 Nc6 7. Bf4 Bxc5 8. Bd3 h6 9. Qe2 g5 10. Bg3 g4 11. Nd2 h5 12. 0-0-0 Qg5 13. Kb1 h4 14. f4 Qh6 15. Bf2 Qxf4 16. Rhf1 Bxf2 17. Rxf2 Qg5 18. Nb3 Ndxe5 19. Nb5 Ke7 20. Nc7 Rb8 21. Bb5 Bd7 22. c4 dxc4 23. Bxc4 Rbc8 24. Nb5 Nb4 25. Rxd7+ Nxd7 26. Rxf7+ Kxf7 27. Qxe6+ Kg7 28. Qxd7+ Kh6 29. Nd6 Rhf8 30. Bf7 Qe5 31. Nf5+ Kg5 32. Qd2+ Qf4 33. Nd6 Qxd2 34. Nxd2 Rcd8 35. N2e4+ Kf4 36. Bb3 Ke5 37. a3 Rf1+ 38. Bd1 Rxd1# 0-1

[Event "NOR-chT 1718"]
[Site "Norway"]
[Date "2018.03.03"]
[Round "8.2"]
[White "Risting, Eivind Olav"]
[Black "Gudbrandsen, Gustav"]
[Result "0-1"]
[WhiteElo "2308"]
[BlackElo "2235"]
[PlyCount "101"]
[EventDate "2017.11.03"]
[EventType "team-tourn"]
[EventRounds "9"]
[EventCountry "NOR"]
[SourceTitle "EXT 2019"]
[Source "ChessBase"]
[SourceDate "2018.10.10"]
[SourceVersion "1"]
[SourceVersionDate "2018.10.10"]
[SourceQuality "1"]
[WhiteTeam "Oslo SK 1911"]
[BlackTeam "Akademisk"]
[WhiteTeamCountry "NOR"]
[BlackTeamCountry "NOR"]

1. e4 e6 2. d4 d5 3. Nd2 Be7 4. Ngf3 c5 5. exd5 exd5 6. dxc5 Nf6 7. Nb3 0-0 8. Be3 Nc6 9. h3 Re8 10. c3 Ne4 11. Be2 Bf6 12. 0-0 Bf5 13. Nfd4 Bg6 14. Re1 a6 15. Bf1 Qc7 16. Nf3 Rad8 17. Rc1 Bh5 18. g4 Bg6 19. Bg2 h6 20. Nbd4 Nxc5 21. Nxc6 Qxc6 22. Nd4 Qc8 23. Nf5 Ne4 24. Nd4 Qc7 25. Ne2 Be5 26. Bd4 Bh2+ 27. Kh1 Be5 28. Kg1 Bh2+ 29. Kh1 h5 30. Rf1 hxg4 31. hxg4 Bf4 32. Nxf4 Qxf4 33. Be3 Ng3+ 34. fxg3 Qxe3 35. Qf3 Qd2 36. Rcd1 Qxb2 37. Rf2 Qb6 38. Rfd2 Be4 39. Qf4 Rd6 40. g5 Rde6 41. Rf2 R8e7 42. Qb8+ Kh7 43. Qf4 Qc6 44. g6+ Bxg6 45. Rxd5 Qxc3 46. Qh4+ Kg8 47. Rd8+ Re8 48. Rxe8+ Rxe8 49. Bxb7 Rb8 50. Bd5 Qc5 51. Qf4 0-1

[Event "NOR-chT 1415"]
[Site "Norway"]
[Date "2015.01.11"]
[Round "6.1"]
[White "Gudbrandsen, Gustav"]
[Black "Gullaksen, Eirik Tvedt"]
[Result "1/2-1/2"]
[WhiteElo "2230"]
[BlackElo "2349"]
[PlyCount "61"]
[EventDate "2014.10.31"]
[EventType "team-tourn"]
[EventRounds "11"]
[EventCountry "NOR"]
[SourceTitle "EXT 2016"]
[Source "ChessBase"]
[SourceDate "2015.10.08"]
[SourceVersion "1"]
[SourceVersionDate "2015.10.08"]
[SourceQuality "1"]
[WhiteTeam "Oslo Akademisk"]
[BlackTeam "Bergens"]
[WhiteTeamCountry "NOR"]
[BlackTeamCountry "NOR"]

1. e4 c5 2. Nf3 Nc6 3. Bb5 g6 4. 0-0 Bg7 5. Bxc6 dxc6 6. h3 b6 7. d3 e5 8. Be3 f6 9. a4 Nh6 10. a5 Be6 11. c3 0-0 12. d4 cxd4 13. cxd4 Nf7 14. Qc2 Rc8 15. Rd1 Qc7 16. d5 Bd7 17. d6 Nxd6 18. axb6 axb6 19. Qb3+ Kh8 20. Qxb6 Nc4 21. Qxc7 Rxc7 22. Bc5 Nxb2 23. Rd2 Rb7 24. Bxf8 Bxf8 25. Nc3 Nc4 26. Rda2 Bc5 27. Ra8+ Kg7 28. Na4 Ba7 29. Nc3 Bc5 30. Na4 Ba7 31. Nc3 1/2-1/2

[Event "NOR-chT 1011"]
[Site "Oslo"]
[Date "2011.01.22"]
[Round "5"]
[White "Gudbrandsen, Gustav"]
[Black "Johansen, Terje"]
[Result "1/2-1/2"]
[WhiteElo "2233"]
[BlackElo "2243"]
[PlyCount "105"]
[EventDate "2010.11.05"]
[EventType "team-tourn"]
[EventRounds "9"]
[EventCountry "NOR"]
[SourceTitle "EXT 2012"]
[Source "ChessBase"]
[SourceDate "2011.11.24"]
[SourceVersion "1"]
[SourceVersionDate "2011.11.24"]
[SourceQuality "1"]
[WhiteTeam "Akademisk"]
[BlackTeam "SOSS"]
[WhiteTeamCountry "NOR"]
[BlackTeamCountry "NOR"]

1. e4 c6 2. d4 d5 3. exd5 cxd5 4. Bd3 Nc6 5. c3 Nf6 6. Nf3 Bg4 7. Bf4 e6 8. Qb3 Qc8 9. Nbd2 Be7 10. h3 Bh5 11. 0-0 Bg6 12. Bxg6 hxg6 13. Rfe1 Kf8 14. Rac1 Kg8 15. c4 dxc4 16. Nxc4 Nd5 17. Bd6 Qd7 18. Bxe7 Qxe7 19. Nce5 Nxe5 20. Nxe5 Rd8 21. Rc5 Nf4 22. Rb5 b6 23. Qg3 Qh4 24. Nc6 Rd7 25. Qxh4 Rxh4 26. g3 Rh5 27. Rxh5 Nxh5 28. Re3 Nf6 29. Ra3 a5 30. Rb3 Nd5 31. Ne5 Rc7 32. h4 Kh7 33. Kg2 f6 34. Ng4 a4 35. Rb5 Rc4 36. Ne3 Rxd4 37. Nxd5 exd5 38. Rxb6 Rd2 39. Kf3 a3 40. bxa3 Rxa2 41. Rb3 Kh6 42. Rd3 f5 43. g4 fxg4+ 44. Kxg4 Rxf2 45. Rxd5 Rg2+ 46. Kf3 Ra2 47. Ra5 Ra1 48. Ra8 g5 49. Rh8+ Kg6 50. h5+ Kf5 51. Rf8+ Ke5 52. Re8+ Kf5 53. Rf8+ 1/2-1/2

[Event "NOR-chT 0910"]
[Site "Norway"]
[Date "2010.01.10"]
[Round "6"]
[White "Tallaksen, Levi Andre"]
[Black "Gudbrandsen, Gustav"]
[Result "1-0"]
[WhiteElo "2166"]
[BlackElo "2239"]
[PlyCount "95"]
[EventDate "2009.11.06"]
[EventType "team"]
[EventRounds "9"]
[EventCountry "NOR"]
[SourceTitle "EXT 2011"]
[Source "ChessBase"]
[SourceDate "2010.11.26"]
[SourceVersion "1"]
[SourceVersionDate "2010.11.26"]
[SourceQuality "1"]
[WhiteTeam "Porsbrunn"]
[BlackTeam "Oslo Akademisk"]
[WhiteTeamCountry "NOR"]
[BlackTeamCountry "NOR"]

1. d4 Nf6 2. Nf3 g6 3. e3 Bg7 4. Bd3 0-0 5. 0-0 d6 6. c3 Nbd7 7. Nbd2 e5 8. Qc2 Nh5 9. Rd1 Qe7 10. dxe5 dxe5 11. e4 Nc5 12. Bf1 f5 13. b4 fxe4 14. Nxe4 Ne6 15. Be3 Kh8 16. Nfg5 Nhf4 17. Nxe6 Qxe6 18. Rd2 b6 19. Rad1 Bb7 20. c4 Rae8 21. f3 Qf5 22. c5 Ne6 23. Bb5 Re7 24. cxb6 axb6 25. Rd7 Rxd7 26. Bxd7 Qf7 27. Bxe6 Qxe6 28. Qxc7 Bxe4 29. fxe4 Qxa2 30. Bxb6 Qe2 31. Qd7 h5 32. Bc5 Rf4 33. b5 Rxe4 34. Qd3 Qxd3 35. Rxd3 Re1+ 36. Kf2 Rb1 37. b6 Rb5 38. Be3 e4 39. Rd8+ Kh7 40. Rd7 Rb2+ 41. Kf1 Rb1+ 42. Ke2 Kg8 43. b7 Be5 44. g3 Rb2+ 45. Kd1 Kf8 46. Bf4 Bxf4 47. gxf4 Ke8 48. Rc7 1-0

[Event "NOR-chT 0910"]
[Site "Norway"]
[Date "2009.11.08"]
[Round "3"]
[White "Gudbrandsen, Gustav"]
[Black "Trinh Anh Dan, Doan"]
[Result "1-0"]
[WhiteElo "2239"]
[BlackElo "1855"]
[PlyCount "51"]
[EventDate "2009.11.06"]
[EventType "team"]
[EventRounds "9"]
[EventCountry "NOR"]
[SourceTitle "EXT 2011"]
[Source "ChessBase"]
[SourceDate "2010.11.26"]
[SourceVersion "1"]
[SourceVersionDate "2010.11.26"]
[SourceQuality "1"]
[WhiteTeam "Oslo Akademisk"]
[BlackTeam "Oslo Vest"]
[WhiteTeamCountry "NOR"]
[BlackTeamCountry "NOR"]

1. e4 e5 2. Nf3 Nc6 3. d4 exd4 4. Nxd4 Bc5 5. Be3 Qf6 6. c3 Nge7 7. Nc2 Bxe3 8. Nxe3 Qe5 9. Qd3 0-0 10. Nd2 f5 11. 0-0-0 fxe4 12. Nxe4 d6 13. g3 Qa5 14. a3 Ne5 15. Qe2 Nf5 16. Nc4 Qb5 17. Nxe5 Qxe5 18. Qc4+ Kh8 19. Ng5 Nh6 20. f4 Qe3+ 21. Kb1 Bf5+ 22. Bd3 d5 23. Qxd5 Rad8 24. Nf7+ Nxf7 25. Qxf5 Ng5 26. Bc2 1-0

[Event "NOR-chT 0607"]
[Site "Oslo"]
[Date "2007.03.11"]
[Round "9"]
[White "Gudbrandsen, Gustav"]
[Black "Lie, Espen"]
[Result "0-1"]
[WhiteElo "2280"]
[BlackElo "2335"]
[PlyCount "84"]
[EventDate "2006.11.10"]
[EventType "team"]
[EventRounds "9"]
[EventCountry "NOR"]
[SourceTitle "EXT 2008"]
[Source "ChessBase"]
[SourceDate "2007.11.25"]
[SourceVersion "1"]
[SourceVersionDate "2007.11.25"]
[SourceQuality "1"]

1. e4 e5 2. Nf3 Nc6 3. d4 exd4 4. Nxd4 Bb4+ 5. c3 Bc5 6. Be3 Bb6 7. Nxc6 bxc6 8. Bxb6 axb6 9. Qd4 Qg5 10. Nd2 c5 11. Qd5 Qxd5 12. exd5 Nf6 13. Be2 0-0 14. 0-0 Re8 15. Rfe1 g6 16. d6 c6 17. Nc4 b5 18. Nb6 Rb8 19. Nxc8 Rbxc8 20. Bf3 Kf8 21. g4 Rxe1+ 22. Rxe1 Ne8 23. Rd1 f6 24. b3 Kf7 25. a4 bxa4 26. bxa4 Ke6 27. g5 f5 28. a5 Ra8 29. a6 Nxd6 30. Re1+ Kf7 31. Re5 Rxa6 32. Rxc5 Ke6 33. Kg2 Ra2 34. h4 Ra4 35. Bd1 Rxh4 36. Bb3+ Ke7 37. Re5+ Kd8 38. Ra5 Rg4+ 39. Kf1 Rxg5 40. Bd1 h6 41. Ra8+ Ke7 42. Rh8 Nf7 0-1

[Event "NOR-chT 0607"]
[Site "Oslo"]
[Date "2007.01.14"]
[Round "6"]
[White "Bern, Ivar"]
[Black "Gudbrandsen, Gustav"]
[Result "1-0"]
[WhiteElo "2345"]
[BlackElo "2280"]
[PlyCount "37"]
[EventDate "2006.11.10"]
[EventType "team"]
[EventRounds "9"]
[EventCountry "NOR"]
[SourceTitle "EXT 2008"]
[Source "ChessBase"]
[SourceDate "2007.11.25"]
[SourceVersion "1"]
[SourceVersionDate "2007.11.25"]
[SourceQuality "1"]

1. c4 Nf6 2. Nc3 e5 3. Nf3 Nc6 4. e3 Be7 5. d4 exd4 6. exd4 d5 7. cxd5 Nb4 8. Bb5+ Bd7 9. Bxd7+ Qxd7 10. Ne5 Qf5 11. Qa4+ Kf8 12. 0-0 Nc2 13. Rb1 b5 14. Nxb5 Nxd5 15. g4 Qe4 16. f3 Qe2 17. Nc3 Nxc3 18. Qb3 Ke8 19. bxc3 1-0

[Event "NOR-chTB final"]
[Site "Trondheim"]
[Date "2004.05.22"]
[Round "4.2"]
[White "Byklum, Bjornar"]
[Black "Gudbrandsen, Gustav"]
[Result "0-1"]
[WhiteElo "2217"]
[BlackElo "2283"]
[PlyCount "66"]
[EventDate "2004.05.19"]
[EventType "team"]
[EventRounds "5"]
[EventCountry "NOR"]
[SourceTitle "CBM 100 Extra"]
[Source "ChessBase"]
[SourceDate "2004.07.06"]
[SourceVersion "2"]
[SourceVersionDate "2004.07.06"]
[SourceQuality "1"]
[WhiteTeam "01"]
[BlackTeam "07"]
[WhiteTeamCountry "NOR"]
[BlackTeamCountry "NOR"]

1. e4 e6 2. d4 d5 3. Nd2 Be7 4. Bd3 c5 5. dxc5 Nf6 6. Qe2 0-0 7. Ngf3 a5 8. 0-0 Na6 9. e5 Nd7 10. c3 Naxc5 11. Bc2 a4 12. Nd4 Qc7 13. f4 g6 14. Rf3 Ra5 15. Rh3 f5 16. g4 Ne4 17. Nxe4 fxe4 18. Kh1 Nb6 19. Rb1 Bd7 20. b3 axb3 21. axb3 Ra2 22. Qf2 Qxe5 23. Be3 Qc7 24. Rg1 Qxc3 25. Qg3 Rxc2 26. Nxc2 Qxc2 27. Bxb6 e3 28. Qxe3 d4 29. Bxd4 Bc6+ 30. Rf3 Qe4 31. Rgg3 Rxf4 32. Kg2 Rxf3 33. Qxe4 Rxg3+ 0-1

[Event "NOR-chTB final"]
[Site "Trondheim"]
[Date "2004.05.20"]
[Round "2.2"]
[White "Lillevold, Frode"]
[Black "Gudbrandsen, Gustav"]
[Result "0-1"]
[WhiteElo "2088"]
[BlackElo "2283"]
[PlyCount "52"]
[EventDate "2004.05.19"]
[EventType "team"]
[EventRounds "5"]
[EventCountry "NOR"]
[SourceTitle "CBM 100 Extra"]
[Source "ChessBase"]
[SourceDate "2004.07.06"]
[SourceVersion "2"]
[SourceVersionDate "2004.07.06"]
[SourceQuality "1"]
[WhiteTeam "04"]
[BlackTeam "07"]
[WhiteTeamCountry "NOR"]
[BlackTeamCountry "NOR"]

1. d4 Nf6 2. c4 c5 3. d5 b5 4. cxb5 a6 5. f3 axb5 6. e4 Qa5+ 7. Bd2 b4 8. Na3 d6 9. Nc4 Qd8 10. a3 e6 11. Ne3 Be7 12. Bb5+ Bd7 13. axb4 Rxa1 14. Bxd7+ Nbxd7 15. Qxa1 exd5 16. exd5 0-0 17. Qa5 Qb8 18. Ne2 Bd8 19. Qa4 Re8 20. Kd1 cxb4 21. Ng4 Nc5 22. Qc6 h5 23. Nf2 Nb3 24. Qc4 Nxd2 25. Kxd2 Qa7 26. Nd3 Qe3+ 0-1

[Event "NOR-chT fin"]
[Site "Oslo"]
[Date "2002.05.12"]
[Round "5"]
[White "Ekeberg, Carl Fredrik"]
[Black "Gudbrandsen, Gustav"]
[Result "1-0"]
[WhiteElo "2188"]
[BlackElo "2293"]
[PlyCount "69"]
[EventDate "2002.05.08"]
[EventType "team"]
[EventRounds "5"]
[EventCountry "NOR"]
[SourceTitle "CBM 088 Extra"]
[Source "ChessBase"]
[SourceDate "2002.07.01"]
[SourceVersion "2"]
[SourceVersionDate "2002.07.01"]
[SourceQuality "1"]

1. Nf3 Nf6 2. c4 e6 3. Nc3 Bb4 4. Qc2 0-0 5. a3 Be7 6. d4 d5 7. Bg5 Nbd7 8. cxd5 exd5 9. e3 b6 10. Bd3 h6 11. Bf4 c5 12. 0-0 Bb7 13. Rad1 Nh5 14. Be5 c4 15. Bh7+ Kh8 16. Bf5 a6 17. e4 b5 18. Rfe1 Nxe5 19. dxe5 d4 20. Rxd4 Qb8 21. Qc1 Bc5 22. Rdd1 g5 23. Nxg5 Qxe5 24. Nxf7+ Rxf7 25. Qxh6+ Kg8 26. Qxh5 Qg7 27. Re2 Raf8 28. Be6 Bd4 29. Red2 Bb6 30. Nd5 Bc5 31. Nc3 Bb6 32. Rd7 Bxf2+ 33. Kh1 Bc6 34. Rxf7 Rxf7 35. Rd8+ 1-0

[Event "NOR-chT fin"]
[Site "Langesund"]
[Date "2001.05.23"]
[Round "1"]
[White "Gudbrandsen, Gustav"]
[Black "Lauvsnes, Arild"]
[Result "1-0"]
[WhiteElo "2277"]
[BlackElo "2274"]
[PlyCount "99"]
[EventDate "2001.05.23"]
[EventType "team"]
[EventRounds "5"]
[EventCountry "NOR"]
[SourceTitle "CBM 082 Extra"]
[Source "ChessBase"]
[SourceDate "2001.07.03"]
[SourceVersion "1"]
[SourceVersionDate "2001.07.03"]
[SourceQuality "1"]

1. e4 c5 2. Nf3 Nc6 3. Bb5 e6 4. 0-0 Nf6 5. Re1 Be7 6. e5 Nd5 7. c4 Ndb4 8. Nc3 Nd4 9. Ba4 0-0 10. d3 d6 11. Nxd4 cxd4 12. exd6 Bxd6 13. Ne4 a5 14. a3 Na6 15. Qh5 Be7 16. Bd2 f5 17. Ng5 h6 18. Nf3 Nc5 19. Bc2 a4 20. Re2 Bf6 21. Rae1 Bd7 22. Ne5 Be8 23. Qf3 Rc8 24. Bb4 b6 25. Qg3 Qc7 26. f4 Kh7 27. Nf3 Bd7 28. h4 g6 29. Ne5 Bxe5 30. Rxe5 Rf7 31. Qf2 Qd6 32. Qe2 Rg8 33. Kf2 Rf6 34. Qd1 Qc6 35. Qd2 Bc8 36. Bd1 Re8 37. Bxc5 bxc5 38. Qa5 Re7 39. Rxc5 Qe8 40. Bxa4 Bd7 41. Bxd7 Qxd7 42. Qb5 Qa7 43. Rc8 Rb7 44. Qe5 Rxb2+ 45. Re2 Rxe2+ 46. Kxe2 Qg7 47. Rc7 Rf7 48. Qxg7+ Kxg7 49. Rxf7+ Kxf7 50. a4 1-0

[Event "NOR-chT"]
[Site "Oslo"]
[Date "2000.06.04"]
[Round "5"]
[White "Gudbrandsen, Gustav"]
[Black "Fossan, Petter"]
[Result "1-0"]
[WhiteElo "2286"]
[BlackElo "2327"]
[PlyCount "43"]
[EventDate "2000.05.31"]
[EventType "team"]
[EventRounds "5"]
[EventCountry "NOR"]
[SourceTitle "CBM 076 Extra"]
[Source "ChessBase"]
[SourceDate "2000.07.11"]
[SourceVersion "1"]
[SourceVersionDate "2000.07.11"]
[SourceQuality "1"]

1. e4 c5 2. f4 g6 3. Nf3 Bg7 4. Nc3 Nc6 5. Bb5 Nd4 6. Nxd4 cxd4 7. Ne2 e6 8. Ng3 a6 9. Bc4 Ne7 10. d3 d5 11. Bb3 0-0 12. 0-0 Bd7 13. Bd2 a5 14. a4 h5 15. f5 h4 16. f6 hxg3 17. Bg5 gxh2+ 18. Kxh2 Nc6 19. Qg4 Bh8 20. Qh4 Ne5 21. Kg3 Qc7 22. Rf3 1-0